Fußballmannschaften von Marko Marin - Statistiken

Allgemein
  • Dieses Quiz wurde 64 mal gespielt
  • Das Durchschnittsergebnis liegt bei 7 aus 15
Antwortstatistiken
Spiele Tore Vorlagen Antwort % Korrekt
116 13 35 SV Werder Bremen
98%
72 12 27 Borussia Mönchengladbach
80%
16 3 0 Borussia Mönchengladbach II
80%
13 5 0 Borussia Mönchengladbach U19
80%
16 1 1 FC Chelsea
75%
3 2 1 FC Chelsea U21
75%
58 11 24 Roter Stern Belgrad
63%
59 12 10 Olympiakos Piräus
49%
30 2 7 FC Sevilla
37%
4 2 0 AC Florenz
24%
19 2 1 Ferencvárosi TC
24%
8 0 0 RSC Anderlecht
24%
29 2 5 Trabzonspor
22%
27 3 3 Al-Ahli SFC
4%
10 0 3 Al-Raed SFC
4%
Keine übereinstimmenden Quizze gefunden
Verteilung der Resultate
Anzahl Personen mit jedem Resultat
Perzentil nach korrekt beantworteten Fragen
Ihre Resultats-Entwicklung
Sie haben dieses Quiz noch nicht gespielt